Textile Testing (Record no. 52304)

MARC details
000 -LEADER
fixed length control field 00573nam a22002057a 4500
003 - CONTROL NUMBER IDENTIFIER
control field OSt
008 - FIXED-LENGTH DATA ELEMENTS--GENERAL INFORMATION
fixed length control field 260625b |||||||| |||| 00| 0 eng d
020 ## - INTERNATIONAL STANDARD BOOK NUMBER
International Standard Book Number 9788176487481
082 ## - DEWEY DECIMAL CLASSIFICATION NUMBER
Classification number 677.0287
Item number R24T
100 ## - MAIN ENTRY--PERSONAL NAME
Personal name Jewel, Raul
245 ## - TITLE STATEMENT
Title Textile Testing
Statement of responsibility, etc. Jewel, Raul
260 ## - PUBLICATION, DISTRIBUTION, ETC. (IMPRINT)
Place of publication, distribution, etc New Delhi
Name of publisher, distributor, etc APH Publishing Corporation
Date of publication, distribution, etc 2023
300 ## - PHYSICAL DESCRIPTION
Extent xiv. 266p.
365 ## - TRADE PRICE
Price note 1995.00, INR
650 ## - SUBJECT ADDED ENTRY--TOPICAL TERM
Topical term or geographic name as entry element Textile fabrics $x Testing.
650 ## - SUBJECT ADDED ENTRY--TOPICAL TERM
Topical term or geographic name as entry element Textile fibers $x Testing.
650 ## - SUBJECT ADDED ENTRY--TOPICAL TERM
Topical term or geographic name as entry element Yarn $x Testing.
650 ## - SUBJECT ADDED ENTRY--TOPICAL TERM
Topical term or geographic name as entry element Textile industry $x Quality control.
942 ## - ADDED ENTRY ELEMENTS (KOHA)
Koha item type Books
Source of classification or shelving scheme
Holdings
Withdrawn status Lost status Source of classification or shelving scheme Damaged status Not for loan Home library Current library Shelving location Date acquired Source of acquisition Currency Cost, normal purchase price Total Checkouts Full call number Barcode Date last seen Bill Date Koha item type Bill Number
          Dr. Rajendra Prasad Central Agricultural University Pusa, Dr. Rajendra Prasad Central Agricultural University Pusa, General Stacks 25/06/2026 TTPP, New Delhi INR 1995.00   677.0287 R24T 87778 25/06/2026 29/01/2026 Books Invoice- IN-00449
          Dr. Rajendra Prasad Central Agricultural University Pusa, Dr. Rajendra Prasad Central Agricultural University Pusa, General Stacks 25/06/2026 TTPP, New Delhi INR 1995.00   677.0287 R24T 87779 25/06/2026 29/01/2026 Books Invoice- IN-00449
Hosted, Implemented, Customized & Maintained by: BestBookBuddies

Powered by Koha